Разработка детальной модели отравления бериллиевого отражателя реактора ИРТ-Т; VII Школа-конференция молодых атомщиков Сибири

Dades bibliogràfiques
Parent link:VII Школа-конференция молодых атомщиков Сибири.— 2016.— [С. 129]
Autor corporatiu: Национальный исследовательский Томский политехнический университет (ТПУ) Физико-технический институт (ФТИ) Кафедра физико-энергетических установок (№ 21) (ФЭУ)
Altres autors: Нерода А. А., Аникин М. Н. Михаил Николаевич, Лебедев И. И. Иван Игоревич, Наймушин А. Г. Артем Георгиевич
Sumari:Заглавие с титульного экрана
Idioma:rus
Publicat: 2016
Col·lecció:Перспективные направления развития ядерной энергетики. Ядерные технологии в инновационной экономике и ядерной медицине
Matèries:
Accés en línia:http://earchive.tpu.ru/handle/11683/35626
Format: MixedMaterials Electrònic Capítol de llibre
KOHA link:https://koha.lib.tpu.ru/cgi-bin/koha/opac-detail.pl?biblionumber=621344

MARC

LEADER 00000naa2a2200000 4500
001 621344
005 20250821103617.0
035 |a (RuTPU)RU\TPU\conf\19911 
035 |a RU\TPU\conf\19910 
090 |a 621344 
100 |a 20161215d2016 k y0rusy50 ca 
101 0 |a rus 
102 |a RU 
105 |a y z 101zy 
135 |a drcn ---uucaa 
181 0 |a i  
182 0 |a b 
200 1 |a Разработка детальной модели отравления бериллиевого отражателя реактора ИРТ-Т  |f А. А. Нерода [и др.] 
203 |a Текст  |c электронный 
225 1 |a Перспективные направления развития ядерной энергетики. Ядерные технологии в инновационной экономике и ядерной медицине 
300 |a Заглавие с титульного экрана 
320 |a [Библиогр.: с. 129 (2 назв.)] 
463 1 |0 (RuTPU)RU\TPU\conf\19839  |t VII Школа-конференция молодых атомщиков Сибири  |o сборник тезисов докладов, 19-21 октября 2016 г., г. Северск  |f Росатом [и др.]  |v [С. 129]  |d 2016 
610 1 |a труды учёных ТПУ 
610 1 |a электронные ресурсы 
610 1 |a реакторы 
610 1 |a ИРТ-Т 
610 1 |a нейтронное излучение 
610 1 |a гамма-излучения 
610 1 |a научно-исследовательская работа 
610 1 |a реакторное излучение 
701 1 |a Нерода  |b А. А. 
701 1 |a Аникин  |b М. Н.  |c специалист в области ядерных технологий  |c начальник службы Томского политехнического университета, кандидат технических наук  |f 1991-  |g Михаил Николаевич  |3 (RuTPU)RU\TPU\pers\32503  |9 16449 
701 1 |a Лебедев  |b И. И.  |c специалист в области энергетики  |c инженер Томского политехнического университета  |f 1990-  |g Иван Игоревич  |3 (RuTPU)RU\TPU\pers\32502  |9 16448 
701 1 |a Наймушин  |b А. Г.  |c специалист в области ядерных технологий  |c доцент Томского политехнического университета, кандидат физико-математических наук  |f 1986-  |g Артем Георгиевич  |3 (RuTPU)RU\TPU\pers\26460  |9 12163 
712 0 2 |a Национальный исследовательский Томский политехнический университет (ТПУ)  |b Физико-технический институт (ФТИ)  |b Кафедра физико-энергетических установок (№ 21) (ФЭУ)  |3 (RuTPU)RU\TPU\col\18730 
801 2 |a RU  |b 63413507  |c 20170110  |g RCR 
856 4 |u http://earchive.tpu.ru/handle/11683/35626 
942 |c BK